Tìm hiểu thế giới khí tượng thuỷ văn

Salvato in:
Dettagli Bibliografici
Autore principale: Lin, M. I.
Natura: Libro
Lingua:Undetermined
Pubblicazione: Hà Nội Văn hóa Thông tin 2001
Soggetti:
Tags: Aggiungi Tag
Nessun Tag, puoi essere il primo ad aggiungerne! !
Thư viện lưu trữ: Trung tâm Học liệu Trường Đại học Cần Thơ
LEADER 00550nam a2200181Ia 4500
001 CTU_43534
008 210402s9999 xx 000 0 und d
082 |a 551.5 
082 |b L735/T.1 
100 |a Lin, M. I. 
245 0 |a Tìm hiểu thế giới khí tượng thuỷ văn 
245 0 |c M. I. Lin ; Dịch giả: Phan Tất Đắc 
260 |a Hà Nội 
260 |b Văn hóa Thông tin 
260 |c 2001 
650 |a Hydrology,Meteorology 
904 |i Minh 
980 |a Trung tâm Học liệu Trường Đại học Cần Thơ